Statistics for Word Scramble - Southeast Asian Countries

Click here to take the quiz!

General Stats

  • This quiz has been taken 23 times
  • The average score is 10 of 11

Answer Stats

HintAnswer% Correct
acmbiodacambodia
100%
saollaos
100%
lamyiasamalaysia
100%
mraymnamyanmar
100%
ipsepphilinphilippines
100%
dailatnhthailand
100%
mvietnavietnam
100%
ernibubrunei
96%
asiindoenindonesia
96%
ersignaopsingapore
87%
riseamtoteast timor
70%

Score Distribution

Percentile by Number Answered

Percent of People with Each Score

Your Score History

You have not taken this quiz